|
|
|
|
| LEADER |
01110nam a2200289 a 4500 |
| 001 |
31986 |
| 003 |
BD-DhAAL |
| 005 |
20211115132222.0 |
| 008 |
170806s2008 nyuab 000 0 eng |
| 999 |
|
|
|c 38251
|d 38251
|
| 010 |
|
|
|a 2008020417
|
| 020 |
|
|
|a 9781933045788 (pbk.)
|
| 040 |
|
|
|a DLC
|c DLC
|d DLC
|d BD-DhAAL
|
| 050 |
0 |
0 |
|a NA2543.S6
|b E96 2008
|
| 082 |
0 |
0 |
|a 720.103
|2 22
|
| 245 |
0 |
0 |
|a Expanding architecture :
|b design as activism /
|c edited by Bryan Bell and Katie Wakeford ; foreword by Thomas Fisher.
|
| 260 |
|
|
|a New York :
|b Metropolis Books,
|c c2008.
|
| 300 |
|
|
|a 287 pages :
|b illustrations (some col.), maps (some col.) ;
|c 23 cm.
|
| 526 |
|
|
|a ARC
|
| 541 |
|
|
|e 31986
|
| 650 |
|
0 |
|a Architecture and society.
|9 21988
|
| 650 |
|
0 |
|a Architects and community.
|9 21989
|
| 650 |
|
0 |
|a Architecture
|9 42678
|
| 700 |
1 |
|
|a Bell, Bryan,
|d 1959-
|9 21990
|
| 700 |
1 |
|
|a Wakeford, Katie.
|9 21991
|
| 942 |
|
|
|2 ddc
|c BK
|
| 952 |
|
|
|0 0
|1 0
|2 ddc
|4 0
|6 720_103000000000000_EXP
|7 0
|9 60983
|a BRACUL
|b BRACUL
|c GEN
|d 2017-07-31
|e Development Book Agency
|g 3300.00
|l 1
|o 720.103 EXP
|p 3010031986
|r 2021-12-23
|s 2021-12-15
|t 1
|v 3300.00
|w 2017-07-31
|y BK
|